| 000 | 00722aam a2200277 4500 | ||
|---|---|---|---|
| 005 | 20250811192458.0 | ||
| 008 | 150618b2012 xxu||||| |||| 00| 0 spa d | ||
| 020 | _a9789977945620 | ||
| 041 | _aESP | ||
| 082 | _a362.829.2 C8374l11 | ||
| 100 | _aCosta Rica. Leyes, Decretos, etc | ||
| 245 | _aLey contra la violencia doméstica | ||
| 260 | _aCosta Rica | ||
| 260 | _bEditec | ||
| 260 | _c2012 | ||
| 300 | _a34 páginas | ||
| 490 | _aInvestigación Criminal | ||
| 650 | _aCOSTA RICA | ||
| 650 | _aVIOLENCIA CONTRA LA MUJER | ||
| 650 | _aVIOLENCIA DOMÉSTICA | ||
| 650 | _aVIOLENCIA CONYUGAL | ||
| 650 | _aABUSO DE LA ESPOSA | ||
| 650 | _aABUSO DEL NIÑO | ||
| 650 | _aLEGISLACIÓN | ||
| 942 |
_cBK _2ddc |
||
| 999 |
_c7244 _d7244 |
||